000
00239nam a2200097Ia 4500
005
20251222114346.0
008
251222s1900||||xx |||||||||||||| ||spa||
082
_a
DVD0095/O63/2005
245
0
_a
Dijiste que no comerĂas y comiste
942
_c
DVD
999
_c
1057
_d
1057